00508nam a2200145Ia 4500020001800000082001900018245003200037250000900069260002800078500012200106650004600228650005000274650002000324700001800344 a9781857435115 aRR 060.05 EUR- 0aEuropa world year book 2009 a50th aLondonbRoutledgec2009 acontents: 2 Vols. Vol. 1 (International organizatios), (xiv, 1-2596p.) - v.2 (Afghanistan-Jordan), (xiv, 2597-5106p.) aInternational agenciesvPeriodicalsz2009 aInternational organizationvPeriodicalsz2009 aYearbooksz2009 aMaher, Joanne